Cimentaciones profundas sometidas a esfuerzos dinámicos horizontales

Uloženo v:
Podrobná bibliografie
Hlavní autor: Oteo Mazo, Carlos (autor)
Médium: Kniha
Jazyk:španělština
Vydáno: Barcelona Editores Técnicos Asociados 1982
Edice:Temas de hormigón
Témata:
Tagy: Přidat tag
Žádné tagy, Buďte první, kdo vytvoří štítek k tomuto záznamu!

MARC

LEADER 00000nam a2200000 a 4500
001 UCV5992
003 CL-VaPUC
008 930311e19820000SP |||||||||||||||||spa|d
082 0 4 |a 624.15  |b OTE  |2 21 
100 |a Oteo Mazo, Carlos  |e autor  |9 300222 
245 1 0 |a Cimentaciones profundas sometidas a esfuerzos dinámicos horizontales 
300 |a 69 p 
942 |c BK 
945 |d 19930311 00:00:00 
260 |a Barcelona  |b Editores Técnicos Asociados  |c 1982 
650 7 |a CIMIENTOS  |2 CL-VaPUC  |9 260635 
583 |a last modification  |c 19930311 00:00:00  |k Rodrigo Vera 
490 0 |a Temas de hormigón 
999 |c 212266  |d 212264 
952 |0 0  |1 0  |4 0  |6 624_150000000000000_OTE_1982  |7 0  |8 A  |9 192887  |a BIBING  |b BIBING  |d 2019-11-14  |i 2605392  |o 624.15 OTE 1982  |p 2605392  |r 2025-01-20  |w 2019-11-14  |y BK  |k CCL